Entry Personal Name
Number of records used in: 1
001 - CONTROL NUMBER
003 - CONTROL NUMBER IDENTIFIER
005 - DATE AND TIME OF LATEST TRANSACTION
- control field:
20220922122752.0
008 - FIXED-LENGTH DATA ELEMENTS
- fixed length control field:
890428n| acannaab |n aaa
010 ## - LIBRARY OF CONGRESS CONTROL NUMBER
- LC control number:
n 88217047
040 ## - CATALOGING SOURCE
- Original cataloging agency:
DLC
- Language of cataloging:
eng
- Transcribing agency:
DLC
- Modifying agency:
DLC
100 10 - HEADING--PERSONAL NAME
- Personal name:
Russell, Stuart J.
- Fuller form of name:
(Stuart Jonathan)
670 ## - SOURCE DATA FOUND
- Source citation:
His Analogical and inductive reasoning, 1989:
- Information found:
CIP t.p. (Stuart J. Russell) data sheet (Stuart Jonathan Russell, Div. of Comp. Sci., Univ. of Calif., Berkeley)
670 ## - SOURCE DATA FOUND
- Source citation:
Artificial intelligence, c2003:
- Information found:
t.p. (Stuart J. Russell) p. xi (b. 1962)